000
00210nam a2200097Ia 4500
008
240331s9999 xx 000 0 und d
082
_b
SUY
100
_a
Suyamboo, P
245
0
_a
Moli varalaatil Tamil
942
_c
L
999
_c
3668
_d
3668